Normal view
MARC view
- SCHINCARIOL [VITOR EDUARD]
Entry Personal Name
001 - CONTROL NUMBER
- control field: 35468
003 - CONTROL NUMBER IDENTIFIER
- control field: OSt
005 - DATE AND TIME OF LATEST TRANSACTION
- control field: 20260604101940.0
008 - FIXED-LENGTH DATA ELEMENTS
- fixed length control field: 260604|| aca||aabn | a|a d
040 ## - CATALOGING SOURCE
- Original cataloging agency: OSt
- Transcribing agency: OSt
100 ## - HEADING--PERSONAL NAME
- Personal name: SCHINCARIOL [VITOR EDUARD]
670 ## - SOURCE DATA FOUND
- Source citation: Work cat.: (OSt)8288: SCHINCARIOL [VITOR EDUARD], ENVIRONMENT AND ECOLOGY IN THE HISTORY OF ECONOMIC THOUGHT 1ST ED: REASSESSING THE LEGACY OF THE CLASSICS